000 00416nam a2200169Ia 4500
003 GCL
008 140319s9999 xx 000 0 ara d
040 _aGCL /
_cGCL
082 0 4 _aط
_b372.52
_bد د
100 1 _aدار الجيل
245 1 0 _aدفتر التلوين الحديث /
_cدار الجيل
300 _a48 ص
490 _a
650 0 4 _aالاطفال
650 0 4 _aتعليم
942 _2ddc
_cBK
999 _c46244
_d46244